000 00773nam a22002537a 4500
001 002145087
003 DO-SdBNP
005 20180219144804.0
007 002145087
008 161205b 1991 sp a ||||| |||| 00| 0 spa d
020 _a8477226105
040 _aBPMSU
_bspa
_cBPMSU
082 _axxxx
_bxxxx
100 1 _aLi
245 1 0 _aEl caso de los boxeadores aficionados y seis casos más /
_ctextos, Li ; ilustraciones, Ismael Balanyà.
260 _aBarcelona :
_bTimun Mas,
_c1991.
300 _a121, [2] p. :
_bil. ;
_c18 cm.
490 1 _aResuelve el misterio
_v26
700 1 2 _aBalanyá, Ismael,
_eil.
830 _aResuelve el misterio ;
_v26
942 _2ddc
_cBK
945 _aInventariado, 2018 / BT
956 _2LOPEREZ
_310
_620161205
_8BPMSU
_a00041
999 _c12256
_d12256